User Interface Design in the Medical Domain
Gespeichert in:
| 1. Verfasser: | |
|---|---|
| Weitere Verfasser: | |
| Format: | Manuskript Buch |
| Sprache: | Slowakisch Englisch |
| Veröffentlicht: |
2025
|
| Schlagworte: | |
| Online-Zugang: | http://is.stuba.sk/zp/portal_zp.pl?podrobnosti=169080 |
| Tags: |
Keine Tags, Fügen Sie das erste Tag hinzu!
|
MARC
| LEADER | 00000ntm a22000003a 4500 | ||
|---|---|---|---|
| 001 | stuzp102957 | ||
| 003 | SK-STU | ||
| 005 | 20250614211928.8 | ||
| 007 | ta | ||
| 008 | 150427s2015----xo-----f-mn---000-0-slo-d | ||
| 040 | |a STU |b slo | ||
| 041 | 0 | |a eng | |
| 100 | 1 | |a Zimmermann, Peter |u 070400 |4 aut |U FIIT Fakulta informatiky a informačných technológií |T FIIT Ústav počítačového inžinierstva a aplikovanej informatiky |X 116330 |U I400 |Y 672 |7 116330 | |
| 242 | 0 | 1 | |a Návrh používatel’ského rozhrania v doméne medicíny |y slo |
| 245 | 1 | 0 | |a User Interface Design in the Medical Domain |
| 260 | |c 2025 | ||
| 650 | 4 | |a User Interface Design |2 eng | |
| 650 | 4 | |a Prototyping |2 eng | |
| 650 | 4 | |a User-Centered Design |2 eng | |
| 650 | 4 | |a User Experience |2 eng | |
| 650 | 4 | |a Návrh používateľského rozhrania |2 slo | |
| 650 | 4 | |a Dizajn zameraný na používateľa |2 slo | |
| 650 | 4 | |a Používateľská skúsenosť |2 slo | |
| 650 | 4 | |a Prototypovanie |2 slo | |
| 700 | 1 | |a Laco, Miroslav |u 070400 |k Z1 |4 ths |U FIIT Fakulta informatiky a informačných technológií |T FIIT Ústav počítačového inžinierstva a aplikovanej informatiky |X 72202 |U I400 |Y 672 |7 72202 | |
| 856 | 4 | |u http://is.stuba.sk/zp/portal_zp.pl?podrobnosti=169080 | |